[Event "2nd Cairns Cup 2020"]
[Site "Saint Louis USA"]
[Date "2020.02.15"]
[Round "8.5"]
[White "Lagno,Kateryna"]
[Black "Krush,I"]
[Result "1/2-1/2"]
[WhiteElo "2552"]
[BlackElo "2422"]

1.e4 c5 2.Nf3 Nc6 3.d4 cxd4 4.Nxd4 Qb6 5.Nb3 Nf6 6.Nc3 e6 7.a3 Be7 8.Be3 Qc7
9.f4 d6 10.Bd3 a6 11.Na4 Nd7 12.c4 b6 13.O-O Nc5 14.Nbxc5 bxc5 15.f5 Ne5
16.Nc3 Qd8 17.Be2 O-O 18.Qd2 Rb8 19.Rad1 Kh8 20.b4 cxb4 21.axb4 Rxb4 22.Nd5 Rb3
23.Nxe7 Qxe7 24.f6 gxf6 25.Bd4 Rg8 26.Rb1 Rxb1 27.Rxb1 Ng6 28.Rb6 e5 29.Be3 Rd8
30.Rb8 Nf4 31.Bxf4 Qa7+ 32.Qe3 Qxb8 33.Bg3 Rg8 34.Qh6 Qb1+ 35.Bf1 Qb6+ 36.c5 Qd8
37.Bh4 Rg6 38.Qd2 Rg4 39.Bf2 Bb7 40.cxd6 Bxe4 41.Qe2 f5 42.Qxa6 Rg6 43.Bc5 Rxg2+
44.Bxg2 Qg5 45.Qf1 Bxg2 46.h4 Bxf1+ 47.hxg5 Bb5 48.d7 Bxd7 49.Bd6 Kg7 50.Bxe5+ Kg6
51.Kf2 Kxg5 52.Kg3 Ba4 53.Bf4+ Kf6 54.Kf2 h5 55.Ke3 h4 56.Bc7 Kg5 57.Bd6 Kg4
58.Bc7 Kh3 59.Kf2 Bc6 60.Bd6 Kg4 61.Ke3 Kg5 62.Be7+ f6 63.Bd6 Kg6 64.Bb8 h3
65.Bc7 Kf7 66.Kd4 Ke6 67.Bf4 Kd7 68.Kc5 Be4 69.Bh2 Bb7 70.Bf4 Bg2 71.Bh2 Ke6
72.Kd4 Kd7 73.Kc5 Kc8 74.Kb6 Be4 75.Bf4 Bf3 76.Bh2 Kd7 77.Kc5 Ke6 78.Kd4 Be4  1/2-1/2

[Event "2nd Cairns Cup 2020"]
[Site "Saint Louis USA"]
[Date "2020.02.16"]
[Round "9.4"]
[White "Krush,I"]
[Black "Dzagnidze,N"]
[Result "1-0"]
[WhiteElo "2422"]
[BlackElo "2515"]

1.d4 Nf6 2.c4 c5 3.d5 e6 4.Nc3 exd5 5.cxd5 d6 6.e4 g6 7.Nf3 Bg7 8.Be2 O-O
9.O-O Na6 10.Bf4 Nc7 11.Nd2 Nfe8 12.a4 f5 13.exf5 Bxf5 14.Bg3 h5 15.h3 Bd4
16.Nf3 Bf6 17.Bd3 Ng7 18.Ne4 Be7 19.Re1 h4 20.Bh2 b6 21.Ra3 Rb8 22.Bb1 Nh5
23.Qd2 Kg7 24.Rae3 Rf7 25.R3e2 Bxe4 26.Rxe4 Nf6 27.Rxh4 Ng8 28.Rg4 Rxf3 29.Rxg6+ Kh8
30.gxf3 Qf8 31.Qc3+ Bf6 32.Qd3 Re8 33.Rxe8 Nxe8 34.Qf5 Nh6 35.Qe4 Ng8 36.Bf4 Bxb2
37.Be5+  1-0

[Event "Isolated Queens Swiss II"]
[Site "chess.com INT"]
[Date "2020.05.02"]
[Round "1"]
[White "Krush,I"]
[Black "Emelianova,M"]
[Result "1-0"]
[WhiteElo "2429"]
[BlackElo "2113"]

1.d4 Nf6 2.c4 g6 3.Nc3 Bg7 4.e4 d6 5.Be2 O-O 6.Be3 Nbd7 7.g4 e5 8.d5 Nc5
9.f3 a5 10.h4 c6 11.h5 gxh5 12.gxh5 h6 13.Qd2 Kh7 14.Nh3 Ng8 15.O-O-O Bd7
16.dxc6 Bxc6 17.Qxd6 Qxd6 18.Rxd6 Ne6 19.Nd5 Bxd5 20.exd5 Nd4 21.Bd3+ f5
22.Bxd4 exd4 23.Rg1 Ne7 24.Rd7 Rf7 25.Nf4 Raf8 26.Ng6 Re8 27.Re1 Nxg6 28.hxg6+ Kxg6
29.Rd6+ Rf6 30.Rxf6+ Bxf6 31.Rxe8  1-0

[Event "Isolated Queens Swiss II"]
[Site "chess.com INT"]
[Date "2020.05.02"]
[Round "2"]
[White "Khrapko,Marharyta"]
[Black "Krush,I"]
[Result "0-1"]
[WhiteElo "2065"]
[BlackElo "2429"]

1.e4 c5 2.Nf3 d6 3.c3 Nf6 4.Bd3 Nc6 5.h3 e5 6.Bc2 Be7 7.O-O O-O 8.Re1 a6
9.a4 b6 10.d4 cxd4 11.cxd4 Nb4 12.Bb3 Bb7 13.d5 Nd7 14.Be3 Nc5 15.Bxc5 bxc5
16.a5 Bc8 17.Re3 f5 18.exf5 Bxf5 19.Nbd2 Bg5 20.Nxg5 Qxg5 21.Rg3 Qf4 22.Nc4 Rf6
23.Rf3 Qg5 24.Rg3 Qh4 25.Qd2 Raf8 26.Qg5 Qxg5 27.Rxg5 Be4 28.Rd1 Bd3 29.Nb6 Rxf2
30.Kh2 h6 31.Rg6 R8f6 32.Rxf6 gxf6 33.Nd7 Kg7 34.Ba4 Rxb2 35.Nb8 c4 36.Bd7 c3
37.Nc6 c2 38.Rc1 Rb1 39.Nxb4 Rxb4 40.Ba4 Rxa4  0-1

[Event "Isolated Queens Swiss II"]
[Site "chess.com INT"]
[Date "2020.05.02"]
[Round "3"]
[White "Krush,I"]
[Black "Kosteniuk,A"]
[Result "0-1"]
[WhiteElo "2429"]
[BlackElo "2471"]

1.d4 Nf6 2.c4 e6 3.Nc3 Bb4 4.Qc2 d6 5.e3 O-O 6.Bd3 e5 7.Ne2 Nc6 8.O-O Re8
9.d5 Bxc3 10.Qxc3 e4 11.dxc6 exd3 12.Qxd3 bxc6 13.b3 Ne4 14.Bb2 Qg5 15.Nf4 Bf5
16.Qd4 f6 17.Rae1 h5 18.f3 Nc5 19.Qd2 h4 20.Kh1 a5 21.e4 Bd7 22.Bc1 a4 23.b4 Ne6
24.Nxe6 Qxd2 25.Bxd2 Bxe6 26.Rc1 a3 27.Rc3 h3 28.gxh3 Ra4 29.Rb1 Rb8 30.Rc2 c5
31.Kg1 cxb4 32.Kf2 c5 33.h4 Ra7 34.Bf4 Ra6 35.Ke3 b3 36.axb3 a2 37.Ra1 Rxb3+
38.Kf2 Rba3 39.Bc1 R3a4 40.Bf4 Bxc4 41.Rd2 Rb6 42.Bxd6 Rb1 43.Rd1 Rxd1 44.Rxd1 a1=Q  0-1

[Event "Isolated Queens Swiss II"]
[Site "chess.com INT"]
[Date "2020.05.02"]
[Round "4"]
[White "Mirza,Diana"]
[Black "Krush,I"]
[Result "0-1"]
[WhiteElo "1939"]
[BlackElo "2429"]

1.e4 c5 2.c4 Nc6 3.Nc3 g6 4.g3 Bg7 5.Bg2 d6 6.Nge2 e6 7.d3 Nge7 8.Be3 O-O
9.O-O a6 10.d4 cxd4 11.Nxd4 Nxd4 12.Bxd4 Bxd4 13.Qxd4 e5 14.Qd2 Nc6 15.Nd5 Be6
16.Rac1 Nd4 17.b3 Rc8 18.f4 Bxd5 19.exd5 f6 20.Rcd1 b5 21.Rc1 Qb6 22.Kh1 bxc4
23.bxc4 Qc5 24.Rc3 Rb8 25.Rfc1 Rf7 26.Bh3 Rfb7 27.Qd1 Rb2 28.fxe5 fxe5 29.Be6+ Kg7
30.Qa4 Ne2 31.Qd7+ Kh6 32.Qe7 R2b7 33.Qh4+ Kg7 34.R3c2 Nxc1 35.Rxc1 Qf2 36.Qe4 Rb2
37.Qh4 Qg2+  0-1

[Event "Isolated Queens Swiss II"]
[Site "chess.com INT"]
[Date "2020.05.02"]
[Round "5"]
[White "Krush,I"]
[Black "Herman,Sara"]
[Result "1-0"]
[WhiteElo "2429"]
[BlackElo "1839"]

1.d4 Nf6 2.c4 g6 3.Nc3 Bg7 4.e4 d6 5.Be2 O-O 6.Be3 e5 7.d5 Na6 8.g4 Nc5 9.f3 a5
10.h4 b6 11.h5 Ne8 12.Nh3 f5 13.hxg6 fxg4 14.gxh7+ Kh8 15.Ng5 gxf3 16.Bxf3 Qf6
17.Qe2 Ba6 18.O-O-O a4 19.Rdf1 Qe7 20.Bh5 Nf6 21.Bg6 Bc8 22.Kb1 c6 23.dxc6 Qa7
24.Nd5 Bg4 25.Qg2 Be6 26.Bxc5 Bxd5 27.exd5 bxc5 28.Ne6 Rfe8 29.Bxe8 Rxe8
30.Nxg7 Qxg7 31.Qxg7+ Kxg7 32.Rxf6  1-0

[Event "Isolated Queens Swiss II"]
[Site "chess.com INT"]
[Date "2020.05.02"]
[Round "6"]
[White "Shuvalova,Polina"]
[Black "Krush,I"]
[Result "0-1"]
[WhiteElo "2454"]
[BlackElo "2429"]

1.e4 c5 2.Nf3 d6 3.d4 cxd4 4.Nxd4 Nf6 5.Nc3 Nc6 6.Bg5 e6 7.Qd2 a6 8.O-O-O Be7
9.f4 Bd7 10.Nb3 b5 11.Bxf6 gxf6 12.g3 b4 13.Ne2 a5 14.Kb1 a4 15.Nbd4 Qb6
16.Bg2 Rc8 17.Rhe1 a3 18.b3 Nxd4 19.Nxd4 Qc5 20.f5 e5 21.Ne2 h5 22.Nc1 h4
23.Nd3 Qc3 24.Nxb4 Qb2+  0-1

[Event "Isolated Queens Swiss II"]
[Site "chess.com INT"]
[Date "2020.05.02"]
[Round "7"]
[White "Sebag,M"]
[Black "Krush,I"]
[Result "1/2-1/2"]
[WhiteElo "2438"]
[BlackElo "2429"]

1.e4 c5 2.Nf3 d6 3.Bb5+ Nd7 4.O-O Nf6 5.Bd3 a6 6.c3 e5 7.Bc2 Be7 8.d4 O-O
9.dxe5 Nxe5 10.Nxe5 dxe5 11.c4 Be6 12.Qe2 b5 13.cxb5 axb5 14.Qxb5 Rxa2 15.Rxa2 Bxa2
16.Nc3 Be6 17.Rd1 Qb8 18.Qxb8 Rxb8 19.f3 c4 20.Kf1 Bc5 21.Ke2 h6 22.Na4 Bd4
23.Be3 Bxe3 24.Kxe3 Bd7 25.Rb1 Bc6 26.Nc3 Nd7 27.b4 cxb3 28.Bxb3 Kf8 29.Bc4 Rxb1
30.Nxb1 Nc5 31.Nc3 Ke7 32.Bd5 Bxd5 33.Nxd5+ Ke6 34.Nc7+ Ke7  1/2-1/2

[Event "Isolated Queens Swiss II"]
[Site "chess.com INT"]
[Date "2020.05.02"]
[Round "8"]
[White "Krush,I"]
[Black "Zatonskih,A"]
[Result "1/2-1/2"]
[WhiteElo "2429"]
[BlackElo "2420"]

1.d4 d5 2.c4 e6 3.Nc3 Nf6 4.cxd5 exd5 5.Bg5 c6 6.e3 Be7 7.Bd3 Nbd7 8.h3 Nf8
9.Nf3 Ne6 10.Bh4 O-O 11.Qc2 g6 12.O-O Ng7 13.Rab1 a5 14.a3 Bf5 15.b4 axb4
16.axb4 Bxd3 17.Qxd3 Nf5 18.Bxf6 Bxf6 19.b5 Nd6 20.bxc6 bxc6 21.Nd2 Ra3 22.Rfc1 Qa8
23.Rb3 Rxb3 24.Nxb3 Qa3 25.Qc2 Rb8 26.Nc5 Rb2 27.Qd1 Nc4 28.Ne2 Rxe2 29.Rxc4 Qb2
30.Rb4 Qa2 31.Ra4 Qb2 32.Rb4 Qa2 33.Ra4 Qb2 34.Rb4  1/2-1/2

[Event "Isolated Queens Swiss II"]
[Site "chess.com INT"]
[Date "2020.05.02"]
[Round "9"]
[White "Wang,Ellen"]
[Black "Krush,I"]
[Result "0-1"]
[WhiteElo "1926"]
[BlackElo "2429"]

1.e4 c5 2.Nf3 d6 3.Bb5+ Nd7 4.O-O Nf6 5.Re1 a6 6.Bd3 e5 7.c3 Be7 8.Bc2 O-O
9.d4 cxd4 10.cxd4 b5 11.a4 b4 12.a5 Bb7 13.Nbd2 Rc8 14.b3 Re8 15.Nc4 exd4
16.Nxd4 d5 17.exd5 Bxd5 18.Qd3 Nc5 19.Qd2 Nfe4 20.Bxe4 Nxe4 21.Qd3 Bc5 22.Bb2 Qh4
23.g3 Qh3 24.Ne3 Nxf2 25.Qf1 Rxe3 26.Rxe3 Qxf1+ 27.Rxf1 Ng4 28.Rd3 f6 29.h3 Ne5
30.Rdd1 Bxb3 31.Rde1 Rd8 32.Re4 Bd5 33.Ref4 Bb7 34.Kh2 h5 35.g4 hxg4 36.hxg4 Bxd4
37.Bxd4 Nf3+ 38.R1xf3 Bxf3 39.Rxf3 Rxd4 40.Kg3 Kf7 41.Re3 Rd5 42.Rb3 Rb5
43.Kf4 g5+ 44.Ke4 Kg6 45.Kd4 f5 46.gxf5+ Kxf5 47.Rf3+ Kg4 48.Rb3 Kf4 49.Kc4 g4
50.Rxb4 Rxb4+ 51.Kxb4 g3 52.Kc5 g2 53.Kb6 g1=Q+ 54.Kxa6 Qg6+ 55.Kb7 Qf7+
56.Kb6 Qe6+ 57.Kb7 Qd7+ 58.Kb6 Qd4+ 59.Kb7 Qb4+ 60.Ka6 Ke5  0-1

[Event "Isolated Queens Swiss II"]
[Site "chess.com INT"]
[Date "2020.05.02"]
[Round "10"]
[White "Paehtz,E"]
[Black "Krush,I"]
[Result "0-1"]
[WhiteElo "2473"]
[BlackElo "2429"]

1.d4 d5 2.Bf4 Nf6 3.e3 c5 4.c3 Nc6 5.Nd2 cxd4 6.exd4 Bf5 7.Ngf3 e6 8.Qb3 Qc8
9.Nh4 Be4 10.Nxe4 Nxe4 11.Nf3 Bd6 12.Be3 O-O 13.Bd3 f5 14.Qc2 Qc7 15.Qe2 a6
16.Bc2 b5 17.Nd2 f4 18.Nxe4 fxe3 19.Ng5 exf2+ 20.Kf1 Rf6 21.Bxh7+ Kh8 22.Qh5 Rh6
23.Nf7+ Kxh7 24.Nxh6 gxh6 25.g3 Rf8 26.Kg2 e5 27.Rhf1 Qf7 28.Qxf7+ Rxf7 29.dxe5 Nxe5
30.Rxf2 Rxf2+ 31.Kxf2 Nd3+ 32.Ke3 Nxb2 33.Kd4 Na4 34.Kxd5 Ba3 35.Kc6 Nxc3
36.Kb6 b4 37.Kxa6 Kg6 38.Ka5 Kg5 39.Rf1 Nxa2 40.Ka4 Nc3+ 41.Kb3 Ne4 42.Rf4 Nf6  0-1

[Event "Online Nations Cup Final"]
[Site "chess.com INT"]
[Date "2020.05.10"]
[Round "1.4"]
[White "Krush,I"]
[Black "Hou Yifan"]
[Result "1/2-1/2"]
[WhiteElo "2429"]
[BlackElo "2658"]

1.d4 e6 2.e4 d5 3.exd5 exd5 4.Nf3 Bd6 5.Bd3 Nc6 6.O-O Nge7 7.Re1 O-O 8.c3 Bf5
9.Bg5 Qd7 10.Qc2 Bxd3 11.Qxd3 h6 12.Bh4 Nf5 13.Bg3 Nxg3 14.hxg3 Rae8 15.Nbd2 Nd8
16.Rxe8 Rxe8 17.Re1 Rxe1+ 18.Nxe1 Qa4 19.Qb1 Ne6 20.Ndf3 c5 21.Nc2 Qb5 22.dxc5 Bxc5
23.Ncd4 Bxd4 24.Nxd4 Nxd4 25.cxd4 Qc4 26.Qf5 g6 27.Qe5 Qc1+ 28.Kh2 Qxb2 29.Qxd5 Qxf2
30.Qd8+ Kg7 31.d5 Qb6 32.Qe7 Qb5 33.d6 Qh5+ 34.Kg1 Qc5+ 35.Kh2 Qh5+ 36.Kg1 Qc5+
37.Kh2 Qh5+  1/2-1/2

[Event "Titled Tuesday 16th June"]
[Site "chess.com INT"]
[Date "2020.06.16"]
[Round "6"]
[White "Pereira,Geanfrancesco"]
[Black "Krush,I"]
[Result "0-1"]
[WhiteElo "2016"]
[BlackElo "2429"]

1.e4 c5 2.Nf3 d6 3.Nc3 Nc6 4.Bb5 Bd7 5.d4 cxd4 6.Nxd4 Nf6 7.O-O e6 8.Re1 Be7
9.Nxc6 Bxc6 10.Bxc6+ bxc6 11.Be3 O-O 12.Qf3 d5 13.exd5 cxd5 14.Bd4 Nd7 15.Nb5 Bf6
16.Bxa7 Qa5 17.a4 Bxb2 18.Bd4 Bxa1 19.Rxa1 Rfc8 20.Nd6 Rf8 21.Qg3 e5 22.Nf5 g6
23.Ne7+ Kg7 24.Bxe5+ Nxe5 25.Qxe5+ f6 26.Qxd5 Rfe8 27.Qd7 Kf8 28.Nxg6+ hxg6
29.h3 Re1+ 30.Rxe1 Qxe1+ 31.Kh2 Qxf2 32.Qd6+ Kg7 33.Qd7+ Kh6 34.Qb5 Rd8 35.a5 Qf4+
36.g3 Rd2+ 37.Kg1 Qf2+  0-1

[Event "Titled Tuesday 16th June"]
[Site "chess.com INT"]
[Date "2020.06.16"]
[Round "7"]
[White "Gabriel,Ro"]
[Black "Krush,I"]
[Result "1-0"]
[WhiteElo "2236"]
[BlackElo "2429"]

1.d4 d5 2.Nf3 Nf6 3.c4 dxc4 4.e3 e6 5.Bxc4 c5 6.O-O a6 7.Qe2 b5 8.Bb3 Bb7
9.Nc3 Nbd7 10.Rd1 Qc7 11.h3 Bd6 12.a3 O-O 13.e4 cxd4 14.Nxd4 Bf4 15.Bxe6 Bxc1
16.Raxc1 fxe6 17.Nxe6 Qe5 18.Nxf8 Rxf8 19.Qe3 Qe7 20.f3 Ne5 21.Kh1 Nc4 22.Qa7 Nxb2
23.Nd5 Nxd5 24.Rxd5 Nc4 25.Rcd1 Ne3 26.Qxe3 Bxd5 27.Rxd5 Rb8 28.Qd4 h6 29.Rd7 Qg5
30.e5 a5 31.e6 b4 32.axb4 axb4 33.e7 Kh7 34.Qe4+ Qg6 35.Qxg6+ Kxg6 36.Rd8  1-0

[Event "Titled Tuesday 16th June"]
[Site "chess.com INT"]
[Date "2020.06.16"]
[Round "9"]
[White "Mohota,N"]
[Black "Krush,I"]
[Result "1-0"]
[WhiteElo "2195"]
[BlackElo "2429"]

1.e4 c5 2.Nf3 d6 3.Bb5+ Nd7 4.O-O Nf6 5.Re1 a6 6.Bd3 b5 7.c4 b4 8.Bc2 e5
9.a3 bxa3 10.Rxa3 Be7 11.Nc3 O-O 12.Ba4 Nb8 13.d3 a5 14.Bb5 Na6 15.Bc6 Rb8
16.Bg5 Nb4 17.Bb5 Bg4 18.Re3 Ra8 19.h3 Be6 20.Bxf6 Bxf6 21.Nd5 Bxd5 22.cxd5 Qb6
23.Bc4 Be7 24.Ne1 g6 25.Nc2 Bg5 26.Re2 f5 27.Ne3 Bxe3 28.Rxe3 f4 29.Re1 Kh8
30.Ra4 Qc7 31.f3 g5 32.Qe2 Rg8 33.Rea1 h5 34.Kf1 Rg7 35.Ke1 Kg8 36.Kd2 Kf7
37.Kc3 Kf6 38.Qd1 g4 39.hxg4 hxg4 40.fxg4 Qd7 41.Rxa5 Rxa5 42.Rxa5 Rxg4 43.Qf3 Qg7
44.Ra8 Rxg2 45.Qh5 Rc2+ 46.Kb3 Qb7 47.Rf8+ Kg7 48.Qh8+ Kg6 49.Qf6+ Kh5 50.Qf5+ Kh4
51.Rh8+ Kg3 52.Rh3+ Kf2 53.Rh2+ Ke1 54.Rxc2 Nxd3+ 55.Kc3 Qb4+ 56.Kxd3  1-0

[Event "Women's Speed Chess GP2"]
[Site "chess.com INT"]
[Date "2020.07.01"]
[Round "1.5"]
[White "Khademalsharieh,S"]
[Black "Krush,I"]
[Result "0-1"]
[WhiteElo "2494"]
[BlackElo "2429"]

1.Nf3 d5 2.e3 Nf6 3.b3 e6 4.c4 Be7 5.Nc3 O-O 6.Bb2 c5 7.cxd5 exd5 8.d4 cxd4
9.Nxd4 Nc6 10.Be2 Bc5 11.Na4 Bb4+ 12.Bc3 Qa5 13.Qd2 Ne4 14.Nxc6 Bxc3 15.Nxc3 Qxc3
16.Qxc3 Nxc3 17.Nd4 Be6 18.O-O Rac8 19.Rfc1 Rc7 20.Kf1 Rfc8 21.Ke1 Kf8 22.Rc2 a6
23.Rac1 Ke7 24.Bf3 Kd7 25.Kd2 Nxa2 26.Rxc7+ Rxc7 27.Rxc7+ Kxc7 28.Nc2 a5
29.Nd4 Kd6 30.Nb5+ Kc5 31.Nd4 b5 32.Be2 b4 33.Bd3 h6 34.Ne2 Bd7 35.Kc2 a4
36.Kb2 Nc3 37.Nxc3 bxc3+ 38.Kxc3 axb3 39.Kxb3 d4 40.e4 Be6+ 41.Kc2 Kb4 42.f4 f6
43.h3 Bb3+ 44.Kd2 Ba4 45.e5 fxe5 46.fxe5 Bd7 47.h4 Be6 48.g3 Kc5 49.Be4 Kc4
50.Ke2 Kc3 51.Bd3 Bd5 52.Ba6 Be6 53.Bd3 Bg4+ 54.Kf2 Kxd3 55.e6 Bxe6  0-1

[Event "Women's Speed Chess GP2"]
[Site "chess.com INT"]
[Date "2020.07.01"]
[Round "1.4"]
[White "Krush,I"]
[Black "Khademalsharieh,S"]
[Result "1-0"]
[WhiteElo "2429"]
[BlackElo "2494"]

1.d4 d5 2.c4 e6 3.Nc3 a6 4.cxd5 exd5 5.Bf4 Nf6 6.e3 Bd6 7.Qf3 Bxf4 8.Qxf4 O-O
9.Bd3 c6 10.Nge2 Nbd7 11.g4 Re8 12.g5 Nh5 13.Qh4 g6 14.O-O-O Nf8 15.Ng3 Ng7
16.e4 Nge6 17.f4 Nxd4 18.Rhf1 b5 19.exd5 b4 20.Nce4 Nd7 21.Nd6 Re3 22.Nxf7 Qe7
23.Nh6+ Kh8 24.Bxg6 hxg6 25.Rxd4 Qc5+ 26.Kb1 Qxd4 27.Nhf5+ Kg8 28.Nxd4  1-0

[Event "Women's Speed Chess GP2"]
[Site "chess.com INT"]
[Date "2020.07.01"]
[Round "1.3"]
[White "Khademalsharieh,S"]
[Black "Krush,I"]
[Result "0-1"]
[WhiteElo "2494"]
[BlackElo "2429"]

1.Nf3 d5 2.e3 Nf6 3.c4 dxc4 4.Bxc4 e6 5.O-O c5 6.b3 Nc6 7.Bb2 Be7 8.Qe2 a6
9.d4 b5 10.Bd3 Nb4 11.Rd1 Nxd3 12.Rxd3 Qc7 13.Nbd2 cxd4 14.Nxd4 Bb7 15.Rc1 Qb6
16.N2f3 O-O 17.Ne5 Rac8 18.Rdd1 h6 19.Ndf3 Rxc1 20.Rxc1 Rc8 21.Rxc8+ Bxc8
22.Qc2 Bb7 23.Bd4 Qd6 24.h3 Ne4 25.Nd3 f6 26.b4 e5 27.Bc5 Nxc5 28.Nxc5 Bd5
29.Nh4 Qc6 30.Nf5 Bf8 31.e4 Bf7 32.Qd1 Bxc5 33.bxc5 Qxc5 34.Qg4 Qc1+ 35.Kh2 Qf4+
36.Qxf4 exf4 37.Nd6 Bxa2  0-1

[Event "Women's Speed Chess GP2"]
[Site "chess.com INT"]
[Date "2020.07.01"]
[Round "1.6"]
[White "Krush,I"]
[Black "Khademalsharieh,S"]
[Result "0-1"]
[WhiteElo "2429"]
[BlackElo "2494"]

1.d4 d5 2.c4 e6 3.Nc3 a6 4.cxd5 exd5 5.Bf4 Nf6 6.e3 Bd6 7.Qf3 Bxf4 8.Qxf4 Nbd7
9.Bd3 Nf8 10.Nge2 Ne6 11.Qf3 O-O 12.h4 c5 13.Rd1 cxd4 14.exd4 Re8 15.O-O Nf8
16.Qg3 Nh5 17.Qg5 Nf6 18.Nf4 Ne6 19.Nxe6 Bxe6 20.Rfe1 Qb6 21.Qd2 Bg4 22.f3 Bh5
23.Bc2 Bg6 24.Bb3 Qd6 25.Qf2 Bf5 26.g3 Bd7 27.Kg2 Rxe1 28.Rxe1 a5 29.a3 b5
30.Re5 Bc6 31.Qe3 b4 32.Nxd5 Bxd5 33.Bxd5 Nxd5 34.Qe4 Rd8 35.axb4 axb4 36.Re8+ Rxe8
37.Qxe8+ Qf8 38.Qc6 Ne3+ 39.Kf2 Nf5 40.d5 g6 41.g4 Nd6 42.Qc5 Qb8 43.Kg2 b3
44.Qc6 Qb4 45.Qd7 Qd2+ 46.Kg3 Qxd5 47.Qd8+ Kg7 48.Kg2 Qd2+ 49.Kg3 Ne4+  0-1

[Event "Women's Speed Chess GP2"]
[Site "chess.com INT"]
[Date "2020.07.01"]
[Round "1.7"]
[White "Khademalsharieh,S"]
[Black "Krush,I"]
[Result "1-0"]
[WhiteElo "2494"]
[BlackElo "2429"]

1.Nf3 d5 2.e3 Nf6 3.b3 e6 4.Bb2 c5 5.c4 Nc6 6.cxd5 exd5 7.Be2 Bd6 8.O-O O-O
9.d4 cxd4 10.Nxd4 Qe7 11.Nd2 Bd7 12.Rc1 Ne4 13.Bf3 Rfe8 14.Nxc6 Bxc6 15.g3 Rad8
16.Be2 Ng5 17.Bd4 Be5 18.Nf3 Nxf3+ 19.Bxf3 Bxd4 20.Qxd4 a6 21.Rfd1 h6 22.h4 Rd6
23.Rd2 Red8 24.Rcd1 Qe6 25.Kg2 Qe7 26.Qb4 Qe6 27.Rd4 Qe5 28.Qd2 R6d7 29.Rc1 Kh8
30.Rc5 Qe7 31.b4 Kg8 32.Qc2 Rd6 33.a4 Qe8 34.Bd1 Kh8 35.Qb3 b5 36.axb5 Bxb5
37.Bf3 Bc4 38.Qa3 Kg8 39.Qb2 Qe6 40.Be2 Bxe2 41.Qxe2 Rb8 42.Qd3 Rdb6 43.Rcxd5 g6
44.Rd8+ Rxd8 45.Rxd8+ Kg7 46.Rd4 h5 47.Qc3 Kh7 48.Rf4 Qe7 49.Qd4 Qb7+ 50.Kh2 Re6
51.Qd8 Re7 52.Rd4 Qc7 53.Qxc7 Rxc7 54.Rd6 Rb7 55.Rd4 Rxb4 56.Rxb4  1-0

[Event "Women's Speed Chess GP2"]
[Site "chess.com INT"]
[Date "2020.07.01"]
[Round "1.2"]
[White "Krush,I"]
[Black "Khademalsharieh,S"]
[Result "0-1"]
[WhiteElo "2429"]
[BlackElo "2494"]

1.d4 Nf6 2.c4 e6 3.Nc3 Bb4 4.Qc2 O-O 5.a3 Bxc3+ 6.Qxc3 Qe8 7.f3 d6 8.e4 e5
9.Ne2 exd4 10.Nxd4 d5 11.cxd5 Nxd5 12.Qb3 c6 13.Be2 Nb6 14.O-O N8d7 15.Be3 Nf6
16.Rad1 Bd7 17.Bf4 Qe7 18.a4 Qc5 19.Be3 Qa5 20.Ra1 Rad8 21.Kh1 c5 22.Nb5 Be6
23.Qc2 a6 24.Qxc5 Nxa4 25.Qc7 Qb4 26.Nc3 Qxb2 27.Rxa4 Rc8 28.Ra2 Bxa2  0-1

[Event "Women's Speed Chess GP2"]
[Site "chess.com INT"]
[Date "2020.07.01"]
[Round "1.8"]
[White "Krush,I"]
[Black "Khademalsharieh,S"]
[Result "0-1"]
[WhiteElo "2429"]
[BlackElo "2494"]

1.d4 Nf6 2.c4 e6 3.Nc3 Bb4 4.Qc2 O-O 5.a3 Bxc3+ 6.Qxc3 Qe8 7.f3 d5 8.cxd5 Nxd5
9.Qb3 Nd7 10.e4 N5f6 11.Be3 c6 12.Ne2 e5 13.dxe5 Qxe5 14.Qc3 Re8 15.Qxe5 Nxe5
16.Nc3 Be6 17.Be2 b6 18.Kf2 Rad8 19.Rhd1 Bc4 20.Rxd8 Rxd8 21.h3 Bxe2 22.Kxe2 Nc4
23.Bc1 Nd7 24.b3 Na5 25.Rb1 Ne5 26.Bf4 Ng6 27.Be3 h5 28.g3 c5 29.h4 Ne7 30.b4 cxb4
31.axb4 Nc4 32.Bf4 f6 33.Nb5 Rd7 34.Rd1 Rxd1 35.Kxd1 Nc6 36.Ke2 a6 37.Nc7 Nxb4
38.Bd2 Nxd2 39.Kxd2 a5 40.Kc3 Nc6 41.Kc4 Ne5+ 42.Kb5 Nxf3 43.Kxb6 a4 44.Nb5 Nd2  0-1

[Event "Women's Speed Chess GP2"]
[Site "chess.com INT"]
[Date "2020.07.01"]
[Round "1.1"]
[White "Khademalsharieh,S"]
[Black "Krush,I"]
[Result "1-0"]
[WhiteElo "2494"]
[BlackElo "2429"]

1.d4 d5 2.c4 dxc4 3.Nf3 Nf6 4.e3 e6 5.Bxc4 c5 6.O-O Nc6 7.Nc3 a6 8.a4 Be7
9.Qe2 cxd4 10.Rd1 O-O 11.exd4 Nb4 12.Bg5 Bd7 13.Ne5 Bc6 14.Nxc6 bxc6 15.Rac1 a5
16.Qf3 Rb8 17.b3 Nfd5 18.Bxe7 Qxe7 19.Ne4 Rfd8 20.Nc5 h6 21.Nd3 Nxd3 22.Rxd3 Nb4
23.Rd2 Rd6 24.Qe3 Rbd8 25.Qe5 Qg5 26.Qe1 Rxd4 27.Rxd4 Rxd4 28.g3 Rd2 29.Rd1 Rxd1
30.Qxd1 Qe5 31.h4 h5 32.Qd7 g6 33.Qe8+ Kg7 34.Qd7 Qe1+ 35.Kg2 Qe4+ 36.Kg1 Nc2
37.Qc7 Qe1+ 38.Kg2 Nd4 39.Qd8 Qe4+ 40.Kg1 Nf3+ 41.Kf1 Ne5 42.Qxa5 Nxc4 43.bxc4 Qxc4+
44.Kg1 Qc1+ 45.Kg2 c5 46.Qc7 c4 47.a5 c3 48.a6 c2 49.Qc3+ Kh7 50.a7 Qd1 51.a8=Q  1-0

[Event "Women's Speed Chess GP2"]
[Site "chess.com INT"]
[Date "2020.07.01"]
[Round "1.10"]
[White "Krush,I"]
[Black "Khademalsharieh,S"]
[Result "0-1"]
[WhiteElo "2429"]
[BlackElo "2494"]

1.d4 Nf6 2.c4 e6 3.Nc3 Bb4 4.Qc2 O-O 5.a3 Bxc3+ 6.Qxc3 Qe8 7.f3 d5 8.cxd5 Nxd5
9.Qb3 Nd7 10.e4 N5f6 11.Be3 e5 12.d5 Qe7 13.Rc1 Ne8 14.Bd3 Nb6 15.Ne2 Nd6
16.O-O f5 17.Nc3 f4 18.Bf2 Bd7 19.a4 Rae8 20.a5 Nbc8 21.Nb5 Bxb5 22.Bxb5 Nxb5
23.Qxb5 Nd6 24.Qc5 Rc8 25.Qxa7 g5 26.Rc3 g4 27.Kh1 Qg5 28.Bg1 Nb5 29.Qxb7 Nxc3
30.bxc3 Rb8 31.Qxc7 Rbc8 32.Qd7 Rxc3 33.Qe6+ Kg7 34.fxg4 Rfc8 35.a6 Rc1 36.Rxc1 Rxc1
37.a7 f3 38.a8=Q Rxg1+ 39.Kxg1 Qe3+ 40.Kh1 Qe1+  0-1

[Event "Women's Speed Chess GP2"]
[Site "chess.com INT"]
[Date "2020.07.01"]
[Round "1.9"]
[White "Khademalsharieh,S"]
[Black "Krush,I"]
[Result "1-0"]
[WhiteElo "2494"]
[BlackElo "2429"]

1.Nf3 d5 2.c4 dxc4 3.e3 Nf6 4.Bxc4 e6 5.b3 c5 6.Bb2 Nc6 7.O-O Be7 8.Qe2 O-O
9.Rd1 a6 10.d4 b5 11.Bd3 Nb4 12.dxc5 Qc7 13.Rc1 Rd8 14.Bd4 Nxd3 15.Qxd3 Bb7
16.Qe2 Ne4 17.b4 f6 18.Bb2 a5 19.a3 axb4 20.axb4 e5 21.Nc3 Nxc3 22.Bxc3 Bc6
23.Rxa8 Rxa8 24.Ra1 Rxa1+ 25.Bxa1 Qa7 26.Bc3 Qa3 27.Qb2 Qa4 28.Qc1 h6 29.h3 Bd5
30.Nh4 Qb3 31.Qd2 Qc4 32.Nf5 Bf8 33.Ng3 g6 34.Bb2 Kg7 35.Qc3 h5 36.Qxc4 Bxc4
37.Ne4 Kf7 38.Nd2 Bd5 39.e4 Bc6 40.f3 Ke6 41.Nb3 Bh6 42.Bc1 Bf8 43.Na5 Kd7
44.Kf2 Ba8 45.g4 hxg4 46.fxg4 g5 47.Kf3 Be7 48.Nb3 Bd8 49.Nd2 Bc6 50.Nf1 Ke6
51.Ng3 Bc7 52.Nf5 Bb8 53.Bd2 Bc7 54.Be1 Bb8 55.h4 gxh4 56.Bxh4 Bc7 57.Be1 Bd8
58.Ng3 Bc7 59.Bd2 Bd8 60.Bh6 Be7 61.Bg7 Kf7 62.Nf5 Bd7 63.Nxe7 Kxe7 64.g5 fxg5
65.Bxe5  1-0

[Event "GM Gelfand Camp Blitz"]
[Site "chess.com INT"]
[Date "2020.07.01"]
[Round "1.6"]
[White "Krush,I"]
[Black "Vivekananthan,Anish"]
[Result "0-1"]
[WhiteElo "2429"]
[BlackElo "2239"]

1.d4 Nf6 2.c4 e6 3.Nc3 Bb4 4.Qc2 d5 5.cxd5 Qxd5 6.Nf3 Qf5 7.Qxf5 exf5 8.a3 Be7
9.Bf4 c6 10.e3 Nbd7 11.h3 Nb6 12.Bd3 Nbd5 13.Be5 O-O 14.Ke2 Be6 15.Rac1 Rac8
16.Nd2 Nd7 17.Bh2 N7b6 18.b4 g6 19.f3 Rfe8 20.e4 Nxc3+ 21.Rxc3 Bf6 22.e5 Nd5
23.Rc2 Be7 24.f4 Ra8 25.Nc4 Red8 26.Kf3 Nb6 27.Na5 Rxd4 28.Be2 Rd7 29.Rd1 Rad8
30.Rxd7 Rxd7 31.Bg1 h5 32.g3 Bd5+ 33.Kf2 Be4 34.Rb2 Na4 35.Rb3 Bd8 36.Ke1 b6
37.Nc4 Bd5 38.Rd3 Be7 39.Rd2 Rd8 40.Be3 Nc3 41.Bf1 Ne4 42.Rd1 Nxg3 43.Bd3 Ne4
44.Be2 Bh4+ 45.Kf1 Ng3+ 46.Kf2 Nxe2+ 47.Kxe2 Bxc4+  0-1

[Event "GM Gelfand Camp Blitz"]
[Site "chess.com INT"]
[Date "2020.07.01"]
[Round "2.5"]
[White "Liang,Jason"]
[Black "Krush,I"]
[Result "0-1"]
[WhiteElo "2340"]
[BlackElo "2429"]

1.d4 d5 2.Bf4 Nf6 3.e3 c5 4.c3 Nc6 5.Nd2 cxd4 6.exd4 Bf5 7.Ngf3 e6 8.Qb3 Qc8
9.Nh4 Be4 10.f3 Bg6 11.Nxg6 hxg6 12.Kf2 Nh5 13.Be3 Bd6 14.Bb5 Qc7 15.Nf1 a6
16.Bd3 Nf4 17.Bxf4 Bxf4 18.g3 Bd6 19.Kg2 O-O 20.h4 b5 21.h5 g5 22.a3 Ne7
23.Re1 Rab8 24.Qd1 a5 25.Bb1 Qd7 26.Qd3 f5 27.Qe2 Rf6 28.Bd3 b4 29.axb4 axb4
30.Ne3 bxc3 31.bxc3 Qc7 32.h6 gxh6 33.g4 f4 34.Nd1 Kg7 35.Bc2 Ng6 36.Qd3 Ra8
37.Re2 Ra2 38.Rhe1 Nh4+ 39.Kf2 Ng6 40.Rxe6 Nf8 41.Rxf6 Kxf6 42.Qf5+ Kg7 43.Kg1 Qf7
44.Qd3 Kg8 45.Bb3 Ra3 46.Qc2 Kg7 47.Nf2 Qb7 48.Rb1 Qc7 49.Nd3 Nd7 50.Rc1 Nb6
51.Qb2 Nc4 52.Bxc4 Qxc4 53.Nf2 Ra2 54.Qb7+ Kf6 55.Qd7 Be7 56.Re1 Re2 57.Qf5+ Kg7
58.Rxe2 Qxe2 59.Qe5+ Qxe5 60.dxe5 Bc5 61.Kf1 Bxf2 62.Kxf2 Kf7 63.Ke2 Ke6
64.Kd3 Kxe5 65.c4 d4 66.c5 Kd5 67.c6 Kxc6 68.Kxd4 Kd6 69.Ke4 Ke6 70.Kd4 Kf6
71.Kd5 h5 72.gxh5 g4 73.h6 gxf3 74.h7 Kg7 75.Ke4 f2 76.Kf3 f1=Q+  0-1